Dos nuevas bibliotecas populares
Publicado:
San Jorge, núm. 90 - 91 (2n i 3r trimestre 1973), pàg 76 :
MARC
| LEADER | 00000nam a2200000Ia 4500 | ||
|---|---|---|---|
| 001 | |||
| 008 | 160829s9999 xx 000 0 cat d | ||
| 245 | |a Dos nuevas bibliotecas populares | ||
| 260 | |a San Jorge, núm. 90 - 91 (2n i 3r trimestre 1973), pàg 76 | ||
| 650 | |a Biblioteques públiques |x Catalunya |9 36700 | ||
| 650 | |a Biblioteca Abad Berenguer de Riudeperes (Santa Maria de l'Estany) |9 36701 | ||
| 650 | |a Biblioteca de Sant Andreu de Llavaneres |9 36702 | ||
| 901 | |a Arxiu | ||
| 942 | |n 1 | ||
| 952 | |0 0 |1 0 |4 0 |7 1 |9 47446 |a Arxiu |b Arxiu |d 2016-12-01 |l 0 |r 2016-12-01 00:00:00 |w 2016-12-01 |y ARXIU | ||
| 999 | |c 51244 |d 51244 | ||